<?xml version="1.0" encoding="UTF-8"?>
<collection xmlns="http://www.loc.gov/MARC21/slim">
 <record>
  <leader>01350nam a2200193Ia 4500</leader>
  <controlfield tag="001">CTU_156806</controlfield>
  <controlfield tag="008">210402s9999    xx            000 0 und d</controlfield>
  <datafield tag="020" ind1=" " ind2=" ">
   <subfield code="c">184</subfield>
  </datafield>
  <datafield tag="082" ind1=" " ind2=" ">
   <subfield code="a">539.7</subfield>
  </datafield>
  <datafield tag="082" ind1=" " ind2=" ">
   <subfield code="b">P963</subfield>
  </datafield>
  <datafield tag="245" ind1=" " ind2="0">
   <subfield code="a">Recent achievements and perspectives in nuclear physics :</subfield>
  </datafield>
  <datafield tag="245" ind1=" " ind2="0">
   <subfield code="b">Naples, Italy, 3-7 November 2004</subfield>
  </datafield>
  <datafield tag="245" ind1=" " ind2="0">
   <subfield code="c">Editors, G. La Rana, C. Signorini, S. Shimoura</subfield>
  </datafield>
  <datafield tag="260" ind1=" " ind2=" ">
   <subfield code="a">Singapore</subfield>
  </datafield>
  <datafield tag="260" ind1=" " ind2=" ">
   <subfield code="b">World Scientific</subfield>
  </datafield>
  <datafield tag="260" ind1=" " ind2=" ">
   <subfield code="c">2005</subfield>
  </datafield>
  <datafield tag="520" ind1=" " ind2=" ">
   <subfield code="a">The book is a collection of papers from the Proceedings of the 5th Italy-Japan Symposium 'Recent Achievements and Perspectives in Nuclear Physics', held in Naples as part of the framework of the INFN-RIKEN Research Collaboration Program. The meeting was devoted to recent achievements and new challenges in the different fields of nuclear physics, with the aim to promote new collaborations between the two communities and thereby enhance the development of nuclear physics in the two countries. Particularly interesting are the topics dedicated to radioactive beams and innovative instrumentation: the prospects for future accelerators and experimental setups as well as novel future research directions. These projects are of key importance for the future of heavy ion nuclear physics.</subfield>
  </datafield>
  <datafield tag="650" ind1=" " ind2=" ">
   <subfield code="a">Nuclear physics</subfield>
  </datafield>
  <datafield tag="980" ind1=" " ind2=" ">
   <subfield code="a">Trung tâm Học liệu Trường Đại học Cần Thơ</subfield>
  </datafield>
 </record>
</collection>
